000 01719nam a2200241Ia 4500
003 Ost
005 20260507075006.0
008 260507s9999||||xx |||||||||||||| ||und||
040 _cfsecg
041 _aara
082 _a330.121
100 _aابراهيم، محمد محي الدين سليم
_eمؤلف
245 0 _aأحكام شروط البيع :
_bبين القانون المدنى والفقه الاسلامى /
_c محمد محي الدين سليم ابراهيم
260 _aالاسكندرية:
_bدار المطبوعات الجامعية,
_c2007
300 _a176 صفحة؛
_c24 سم
504 _aبيبليوغرافيا: ص. 162
520 _aالفصل الاول ملكية البائع بيع ملك الغير في القانون المدني ، بيع ملك الغير في الفقه الاسلامي الفصل الثاني وجود المبيع اوقابلية للوجود وجود المبيع وقابيته للوجود في القانون المدني ، وجود المبيع وقابيته للوجود في الفقه الاسلامي الفصل الثالث قابلية المبيع للتعامل فيه تعيين المبيع في القانون المدني ، تعيين المبيع في الفقه الاسلامي الفصل الرابع قابلية المبيع في التعامل فيه القانون الاداري ابلية المبيع في التعامل فيه القانون المدني ، ابلية المبيع في التعامل فيه الفقه الاسلامي
653 _aالبيع
653 _aالفقه الاسلامي
653 _aقانون تجاري
653 _aقانون مدني
942 _cكتاب
999 _c42116
_d42116